[Event "Olympiad"]
[Site "1:30.30-1:30.30"]
[Date "2012.08.28"]
[Round "1"]
[White "Morrison, Graham"]
[Black "Smith, Michael"]
[Result "1-0"]
[WhiteElo "2360"]
[BlackElo "1596"]
[PlyCount "59"]
[EventDate "2012.??.??"]
[WhiteTeam "Scotland"]
[BlackTeam "U.S. Virgin Islands"]
[WhiteTeamCountry "SCO"]
[BlackTeamCountry "ISV"]

1. d4 c6 2. c4 d5 3. Nf3 Bf5 4. Nc3 e6 5. g3 Nf6 6. Bg2 Nbd7 7. Nh4 Bg6 8. Nxg6
hxg6 9. cxd5 Nxd5 10. O-O Nxc3 11. bxc3 Bd6 12. Rb1 Qc7 13. e4 e5 14. Qb3 Nb6
15. a4 a5 16. Qxb6 Qxb6 17. Rxb6 Rb8 18. Rb3 O-O 19. Be3 b5 20. Ra1 b4 21. f4
exd4 22. cxd4 Rfc8 23. Rc1 Rc7 24. e5 Be7 25. Rxc6 Rxc6 26. Bxc6 Rc8 27. d5 Kf8
28. Kf1 Rc7 29. Bb6 Rc8 30. Bxa5 1-0

[Event "Olympiad"]
[Site "0:04.48-0:01.24"]
[Date "2012.08.29"]
[Round "2"]
[White "Ghaem Maghami, Ehsan"]
[Black "Mcnab, Colin"]
[Result "1-0"]
[WhiteElo "2579"]
[BlackElo "2446"]
[PlyCount "65"]
[EventDate "2012.??.??"]
[WhiteTeam "Iran"]
[BlackTeam "Scotland"]
[WhiteTeamCountry "IRI"]
[BlackTeamCountry "SCO"]

1. d4 d6 2. e4 g6 3. Nf3 Nf6 4. Nc3 Bg7 5. h3 c6 6. Be2 O-O 7. Bf4 Qa5 8. O-O
Nbd7 9. a4 e5 10. Be3 Re8 11. dxe5 dxe5 12. Nd2 Bf8 13. Nc4 Qc7 14. f4 Nc5 15.
Bd3 Nfd7 16. Qf3 Nxd3 17. cxd3 Nc5 18. Rad1 Nxa4 19. Nxa4 b5 20. Nxe5 bxa4 21.
Rc1 c5 22. Qf2 f6 23. Bxc5 Qd8 24. Bxf8 Rxf8 25. Nc6 Qxd3 26. Ne7+ Kh8 27. Rc7
Bd7 28. Qc5 Rae8 29. e5 Bxh3 30. Rf3 Qd1+ 31. Kh2 Bg4 32. Nxg6+ hxg6 33. Qxa7
1-0

[Event "Olympiad"]
[Site "0:13.15-0:24.16"]
[Date "2012.08.29"]
[Round "2"]
[White "Arakhamia-Grant, Ketevan"]
[Black "Darini, Pouria"]
[Result "0-1"]
[WhiteElo "2421"]
[BlackElo "2503"]
[PlyCount "90"]
[EventDate "2012.??.??"]
[WhiteTeam "Scotland"]
[BlackTeam "Iran"]
[WhiteTeamCountry "SCO"]
[BlackTeamCountry "IRI"]

1. e4 c5 2. Nf3 d6 3. d4 cxd4 4. Nxd4 Nf6 5. Nc3 a6 6. Be3 e5 7. Nf3 Qc7 8. a4
Be6 9. a5 Nbd7 10. Ng5 Qc6 11. Be2 Be7 12. O-O O-O 13. Qd3 Rac8 14. Ra4 Rfd8
15. Nxe6 fxe6 16. Rc4 Nc5 17. Bxc5 dxc5 18. Qg3 Qc7 19. Qh3 Kf7 20. Ra4 Rd4 21.
Bc4 Qd6 22. b3 g5 23. Qe3 Kg6 24. Ne2 Rd1 25. Ra1 Rxa1 26. Rxa1 Rd8 27. Nc3 Qc6
28. h4 h6 29. Qg3 Rd4 30. Re1 Bd8 31. Ra1 Qd6 32. hxg5 hxg5 33. Qh3 g4 34. Qe3
Nh5 35. Qe2 Nf6 36. Bd3 g3 37. fxg3 c4 38. Bxc4 Rd2 39. Qf3 Qd4+ 40. Kh1 Rxc2
41. Rd1 Qxc3 42. Rxd8 Rc1+ 43. Kh2 Qe1 44. Rg8+ Kh7 45. Rh8+ Kg7 0-1

[Event "Olympiad"]
[Site "0:18.17-0:06.35"]
[Date "2012.08.29"]
[Round "2"]
[White "Idani, Pouya"]
[Black "Shaw, John"]
[Result "1/2-1/2"]
[WhiteElo "2477"]
[BlackElo "2424"]
[PlyCount "125"]
[EventDate "2012.??.??"]
[WhiteTeam "Iran"]
[BlackTeam "Scotland"]
[WhiteTeamCountry "IRI"]
[BlackTeamCountry "SCO"]

1. e4 d5 2. exd5 Qxd5 3. Nf3 Nf6 4. Nc3 Qa5 5. d4 Bf5 6. Bc4 e6 7. Bd2 Bb4 8.
a3 Bxc3 9. Bxc3 Qb6 10. Nh4 Be4 11. Qe2 Nc6 12. O-O-O O-O-O 13. Qe3 h6 14. Rhe1
Rd7 15. Qg3 Rg8 16. d5 Bxd5 17. Bd3 Ne8 18. Nf5 exf5 19. Bxf5 Be6 20. Rxe6
Rxd1+ 21. Kxd1 Kb8 22. Re3 g6 23. Bd3 Nd6 24. Qf4 h5 25. Kc1 Qc5 26. Kb1 a6 27.
h4 Qd5 28. g3 Kc8 29. b3 Kb8 30. a4 Kc8 31. Bb2 Qc5 32. Be2 Qf5 33. Qxf5+ Nxf5
34. Re4 Nd6 35. Rf4 Re8 36. Bf3 Re1+ 37. Ka2 f5 38. Bc3 Rf1 39. Bg2 Rg1 40. Bd5
Kd7 41. Kb2 Rd1 42. Bf3 Rf1 43. Be2 Rg1 44. Bd3 Ne7 45. Bd2 Rd1 46. Bc3 Nd5 47.
Rd4 Nxc3 48. Kxc3 Re1 49. Kd2 Re7 50. b4 Ke6 51. c4 Nf7 52. f4 c5 53. bxc5 Rd7
54. Kc3 Nd8 55. Be2 Rxd4 56. Kxd4 Nc6+ 57. Kc3 a5 58. Bf3 Kf6 59. Bd5 Ke7 60.
Bxc6 bxc6 61. Kd4 Ke6 62. Kd3 Ke7 63. Kd4 1/2-1/2

[Event "Olympiad"]
[Site "0:00.29-0:05.51"]
[Date "2012.08.29"]
[Round "2"]
[White "Tate, Alan"]
[Black "Golizadeh, Asghar"]
[Result "0-1"]
[WhiteElo "2332"]
[BlackElo "2472"]
[PlyCount "74"]
[EventDate "2012.??.??"]
[WhiteTeam "Scotland"]
[BlackTeam "Iran"]
[WhiteTeamCountry "SCO"]
[BlackTeamCountry "IRI"]

1. d4 Nf6 2. c4 e6 3. Nc3 c5 4. d5 exd5 5. cxd5 d6 6. e4 g6 7. f4 Bg7 8. Bb5+
Nfd7 9. a4 O-O 10. Nf3 Na6 11. O-O Nb4 12. Re1 a6 13. Bf1 Re8 14. h3 f5 15. Qb3
fxe4 16. Nxe4 Nf8 17. Bd2 Bf5 18. Neg5 Bc2 19. Qc4 Bxa4 20. Bxb4 b5 21. Qd3
cxb4 22. Rxe8 Qxe8 23. Re1 Qc8 24. Re7 Qc2 25. Rxg7+ Kxg7 26. Qd4+ Kg8 27. Kh2
Re8 28. Qf6 Qc7 29. Bd3 Bb3 30. f5 Qe7 31. Qd4 gxf5 32. Bxf5 Qg7 33. Qd2 Qf6
34. Bb1 Ng6 35. Bxg6 hxg6 36. Qxb4 Bxd5 37. Qh4 Re7 0-1

[Event "Olympiad"]
[Site "0:19.21-0:35.13"]
[Date "2012.08.31"]
[Round "4"]
[White "Mcnab, Colin"]
[Black "Dgebuadze, Alexandre"]
[Result "1/2-1/2"]
[WhiteElo "2446"]
[BlackElo "2556"]
[PlyCount "92"]
[EventDate "2012.??.??"]
[WhiteTeam "Scotland"]
[BlackTeam "Belgium"]
[WhiteTeamCountry "SCO"]
[BlackTeamCountry "BEL"]

1. c4 c5 2. Nf3 Nc6 3. g3 g6 4. Bg2 Bg7 5. Nc3 d6 6. d3 Nh6 7. Qd2 Nd4 8. e3
Bh3 9. O-O Nxf3+ 10. Bxf3 Bxf1 11. Kxf1 Qd7 12. Bg2 Ng4 13. Kg1 h5 14. h3 Ne5
15. f4 Nc6 16. Rb1 f5 17. h4 O-O 18. a3 e5 19. b4 Rae8 20. Nd5 b6 21. b5 Ne7
22. Qf2 Kh7 23. Nxe7 Qxe7 24. Bc6 Rc8 25. Kh2 Bf6 26. Kh3 a6 27. Bd5 axb5 28.
Rxb5 Rb8 29. a4 Rfe8 30. Bc6 Rec8 31. Bd5 Kg7 32. Rb1 Qe8 33. Rb5 Rc7 34. e4
Qc8 35. Kg2 fxe4 36. fxe5 Bxe5 37. Qd2 Kh8 38. Qh6+ Rh7 39. Qxg6 Qg4 40. Qxg4
hxg4 41. Bxe4 Ra7 42. Bf5 Rxa4 43. Bxg4 Rg8 44. Bg5 Rb4 45. Bf5 Rxb5 46. cxb5
Rxg5 1/2-1/2

[Event "Olympiad"]
[Site "0:09.43-0:08.45"]
[Date "2012.08.31"]
[Round "4"]
[White "Winants, Luc"]
[Black "Shaw, John"]
[Result "1/2-1/2"]
[WhiteElo "2543"]
[BlackElo "2424"]
[PlyCount "287"]
[EventDate "2012.??.??"]
[WhiteTeam "Belgium"]
[BlackTeam "Scotland"]
[WhiteTeamCountry "BEL"]
[BlackTeamCountry "SCO"]

1. d4 d5 2. c4 c6 3. Nc3 Nf6 4. e3 Bf5 5. cxd5 cxd5 6. Qb3 Nc6 7. Qxb7 Bd7 8.
Qb3 Rb8 9. Qd1 e5 10. Nf3 e4 11. Ne5 Bd6 12. Nxd7 Qxd7 13. Bb5 O-O 14. O-O Rfc8
15. f3 Qe6 16. Ba4 Na5 17. Bc2 Bb4 18. fxe4 Nxe4 19. Nxe4 dxe4 20. Ba4 g6 21.
a3 Bd6 22. b4 Nc4 23. Bb3 Rb7 24. Ra2 Qd5 25. Rc2 Rbc7 26. Qe2 Qb5 27. Bd2 a6
28. a4 Qh5 29. Qxh5 gxh5 30. b5 axb5 31. axb5 Nxd2 32. Rxd2 Rb8 33. Rb1 Kg7 34.
Bd5 f5 35. b6 Rc3 36. Re2 h4 37. b7 Ra3 38. Rc1 Ra5 39. Bc6 Kf6 40. Rb1 Ke7 41.
Reb2 Ra3 42. Rb3 Ra6 43. Bd5 Ra5 44. Rb5 Ra3 45. Bb3 Ra7 46. Rxf5 Raxb7 47.
Rf7+ Kd8 48. Rxb7 Rxb7 49. Bc2 Rc7 50. Bxe4 Re7 51. Bf5 Rxe3 52. Bxh7 Re2 53.
Rd1 Rb2 54. Bf5 Ke7 55. Bh3 Bf4 56. Re1+ Kd6 57. Re4 Rb1+ 58. Kf2 Bxh2 59. Rxh4
Bg1+ 60. Ke2 Kd5 61. Bf5 Rb2+ 62. Kd3 Rb3+ 63. Kc2 Rg3 64. Be4+ Kxd4 65. Bf3+
Ke5 66. Kd3 Ba7 67. Re4+ Kf6 68. Ra4 Rg7 69. Ra6+ Ke5 70. Ra5+ Kf4 71. Bd5 Kg3
72. Ra6 Bg1 73. Rh6 Ba7 74. Bf3 Kf4 75. Rf6+ Ke5 76. Rf8 Rg3 77. Rf7 Bg1 78.
Kc4 Bb6 79. Re7+ Kf6 80. Re8 Bg1 81. Kd5 Rg5+ 82. Ke4 Bh2 83. Rf8+ Kg7 84. Ra8
Re5+ 85. Kd3 Bg3 86. Be4 Kf6 87. Ke3 Rg5 88. Kf3 Rg7 89. Ra6+ Ke5 90. Ra5+ Kf6
91. Rb5 Ke6 92. Rb6+ Ke5 93. Bg6 Be1 94. g4 Bd2 95. Bf5 Bg5 96. Re6+ Kd4 97.
Re4+ Kd5 98. Re8 Kd4 99. Be6 Bc1 100. Ba2 Bg5 101. Re4+ Kc5 102. Re5+ Kd6 103.
Rd5+ Ke7 104. Bb1 Kf6 105. Rf5+ Ke7 106. Rb5 Kf6 107. Rb6+ Ke5 108. Bf5 Bc1
109. Re6+ Kd5 110. Ra6 Bg5 111. Be6+ Kd4 112. Bb3 Bc1 113. Ra5 Bg5 114. Be6 Bh6
115. Rd5+ Kc3 116. Ke4 Rg5 117. Bf5 Rg7 118. Rc5+ Kb4 119. Rc6 Bg5 120. Kd5 Be3
121. Rc2 Bg5 122. Ke6 Re7+ 123. Kd5 Rg7 124. Be6 Bf6 125. Rc4+ Kb5 126. Rf4 Bg5
127. Rf3 Kb4 128. Kd4 Kb5 129. Bd5 Kb4 130. Rb3+ Ka4 131. Rf3 Kb4 132. Ke5 Kc5
133. Rc3+ Kb4 134. Rc2 Kb5 135. Be6 Kb4 136. Bf5 Kb5 137. Be4 Kb4 138. Rc8 Kb5
139. Kf5 Kb4 140. Bd5 Bd2 141. Be6 Be3 142. Rd8 Kc5 143. Kf6 Bg5+ 144. Kxg7
1/2-1/2

[Event "Olympiad"]
[Site "0:01.42-0:27.48"]
[Date "2012.08.31"]
[Round "4"]
[White "Tate, Alan"]
[Black "Ringoir, Tanguy"]
[Result "0-1"]
[WhiteElo "2332"]
[BlackElo "2448"]
[PlyCount "86"]
[EventDate "2012.??.??"]
[WhiteTeam "Scotland"]
[BlackTeam "Belgium"]
[WhiteTeamCountry "SCO"]
[BlackTeamCountry "BEL"]

1. Nf3 f5 2. d3 Nf6 3. e4 d6 4. exf5 Bxf5 5. d4 g6 6. Bd3 Qd7 7. O-O Bg7 8. c4
O-O 9. Bxf5 Qxf5 10. Nc3 Nbd7 11. d5 Ne4 12. Nb5 Ne5 13. Nxe5 Bxe5 14. f4 Bh8
15. Nxc7 Rac8 16. Ne6 Rxc4 17. g4 Qf7 18. Qe2 Rfc8 19. f5 Nf6 20. g5 Nxd5 21.
Nd8 Rxd8 22. Qxc4 gxf5 23. Bd2 e6 24. Rab1 Be5 25. Qe2 f4 26. Qg4 Qg6 27. Rbe1
h6 28. h4 Kf7 29. Rf3 hxg5 30. hxg5 Rh8 31. Rh3 Rxh3 32. Qxh3 Qxg5+ 33. Kf1 Qg6
34. Bc1 Bd4 35. Qf3 Ke7 36. a3 b5 37. b4 Qg1+ 38. Ke2 Nc3+ 39. Kd2 Be3+ 40.
Rxe3 fxe3+ 41. Qxe3 Qxe3+ 42. Kxe3 e5 43. Kd3 Na4 0-1

[Event "Olympiad"]
[Site "0:54.40-0:04.30"]
[Date "2012.09.01"]
[Round "5"]
[White "Munoz Santana, Jose Lisan"]
[Black "Mcnab, Colin"]
[Result "1-0"]
[WhiteElo "2428"]
[BlackElo "2446"]
[PlyCount "47"]
[EventDate "2012.??.??"]
[WhiteTeam "Dominican Republic"]
[BlackTeam "Scotland"]
[WhiteTeamCountry "DOM"]
[BlackTeamCountry "SCO"]

1. e4 g6 2. d4 d6 3. Nc3 Bg7 4. Be3 Nf6 5. Qd2 c6 6. Bh6 Bxh6 7. Qxh6 Qa5 8.
Bd3 c5 9. d5 Nbd7 10. Nf3 b5 11. e5 dxe5 12. Bxb5 Rb8 13. Bxd7+ Bxd7 14. Nxe5
Rxb2 15. O-O Qxc3 16. Qg7 Rg8 17. Qxf7+ Kd8 18. Rae1 Re8 19. d6 Rb6 20. Nxd7
Rxd6 21. Nf8 Qxc2 22. Ne6+ Kc8 23. Nxc5 Kb8 24. Ne4 1-0

[Event "Olympiad"]
[Site "0:18.32-0:00.03"]
[Date "2012.09.01"]
[Round "5"]
[White "Arakhamia-Grant, Ketevan"]
[Black "Puntier, William"]
[Result "1-0"]
[WhiteElo "2421"]
[BlackElo "2312"]
[PlyCount "59"]
[EventDate "2012.??.??"]
[WhiteTeam "Scotland"]
[BlackTeam "Dominican Republic"]
[WhiteTeamCountry "SCO"]
[BlackTeamCountry "DOM"]

1. e4 c5 2. Nf3 Nc6 3. d4 cxd4 4. Nxd4 g6 5. c4 Nf6 6. Nc3 d6 7. Be2 Nxd4 8.
Qxd4 Bg7 9. Bg5 O-O 10. Qe3 Be6 11. O-O Qa5 12. Rac1 Rac8 13. b3 Rc5 14. Nd5
Bxd5 15. exd5 e5 16. Qf3 Qd8 17. b4 Rc8 18. Rfd1 h6 19. Bh4 g5 20. Bg3 Nd7 21.
Qf5 Re8 22. Bg4 Rc7 23. c5 Nf6 24. Be2 Qc8 25. Qb1 Qd7 26. h4 Bf8 27. hxg5 hxg5
28. Rc4 dxc5 29. d6 Bxd6 30. bxc5 1-0

[Event "Olympiad"]
[Site "0:09.00-0:09.34"]
[Date "2012.09.01"]
[Round "5"]
[White "Flaquer, Luis Maria"]
[Black "Shaw, John"]
[Result "1/2-1/2"]
[WhiteElo "2297"]
[BlackElo "2424"]
[PlyCount "101"]
[EventDate "2012.??.??"]
[WhiteTeam "Dominican Republic"]
[BlackTeam "Scotland"]
[WhiteTeamCountry "DOM"]
[BlackTeamCountry "SCO"]

1. e4 d6 2. Nf3 Nf6 3. Nc3 e5 4. d4 Nbd7 5. Bc4 Be7 6. O-O O-O 7. Re1 c6 8. a4
h6 9. h3 Re8 10. Nh4 exd4 11. Qxd4 Ne5 12. Ba2 Nh5 13. Qd1 Bxh4 14. Qxh5 Qf6
15. Rf1 Qg6 16. Qxg6 Nxg6 17. Rd1 Rd8 18. f4 Kf8 19. g4 Be6 20. b3 Bf6 21. Rd3
Bc8 22. Rb1 b6 23. b4 Bb7 24. Bd2 Bxc3 25. Rxc3 c5 26. Re1 Rd7 27. Rd3 Rad8 28.
Bc4 Bc6 29. Bb5 Bxb5 30. axb5 d5 31. e5 d4 32. bxc5 bxc5 33. f5 Ne7 34. Ba5 Rb8
35. c4 a6 36. e6 Rdb7 37. bxa6 Ra7 38. Re5 Rxa6 39. Rxc5 fxe6 40. fxe6 Rxe6 41.
Rxd4 Nc6 42. Rf4+ Kg8 43. Bd2 Rb2 44. Rd5 Re2 45. Rf2 Rxf2 46. Kxf2 Rc2 47. c5
Ne7 48. Rd7 Nc6 49. Rd5 Ne7 50. Rd7 Nc6 51. Rd5 1/2-1/2

[Event "Olympiad"]
[Site "0:37.54-0:30.31"]
[Date "2012.09.01"]
[Round "5"]
[White "Morrison, Graham"]
[Black "Fernandez, Francis"]
[Result "1-0"]
[WhiteElo "2360"]
[BlackElo "2289"]
[PlyCount "69"]
[EventDate "2012.??.??"]
[WhiteTeam "Scotland"]
[BlackTeam "Dominican Republic"]
[WhiteTeamCountry "SCO"]
[BlackTeamCountry "DOM"]

1. d4 Nf6 2. c4 c5 3. d5 b5 4. cxb5 a6 5. b6 d6 6. Nc3 Qxb6 7. Nf3 g6 8. Nd2
Bg7 9. e4 O-O 10. a4 Nbd7 11. a5 Qd8 12. Be2 Rb8 13. O-O Ne8 14. Nc4 Nc7 15.
Na4 Nb5 16. Nab6 Bb7 17. Rb1 Nf6 18. Bf3 e6 19. Bf4 exd5 20. exd5 Re8 21. Qd3
Qe7 22. Bd2 Ne4 23. Bxe4 Qxe4 24. Qxe4 Rxe4 25. Rfe1 Bxd5 26. Nxd6 Nxd6 27.
Nxd5 Rd4 28. Ne7+ Kf8 29. Nc6 Rxd2 30. Nxb8 Bd4 31. Kh1 Nc4 32. b4 Nb2 33. Nd7+
Kg7 34. Nxc5 Rxf2 35. Rf1 1-0

[Event "Olympiad"]
[Site "0:00.27-0:07.18"]
[Date "2012.09.03"]
[Round "6"]
[White "Mcnab, Colin"]
[Black "Grandelius, Nils"]
[Result "0-1"]
[WhiteElo "2446"]
[BlackElo "2562"]
[PlyCount "116"]
[EventDate "2012.??.??"]
[WhiteTeam "Scotland"]
[BlackTeam "Sweden"]
[WhiteTeamCountry "SCO"]
[BlackTeamCountry "SWE"]

1. c4 e5 2. Nc3 Bb4 3. Qc2 Nf6 4. e3 O-O 5. Nge2 Re8 6. a3 Bf8 7. d4 exd4 8.
Nxd4 d5 9. cxd5 Nxd5 10. Nxd5 Qxd5 11. Qc4 Qd8 12. Be2 c5 13. Nf3 Be6 14. Qc2
Nc6 15. Bd2 Bd5 16. Bc3 Be4 17. Qb3 Nd4 18. Nxd4 cxd4 19. Bxd4 Bxg2 20. Rg1 Bd5
21. Qc3 g6 22. Rc1 Qh4 23. Qc7 Qe4 24. Rg5 Bg7 25. Bxg7 Rac8 26. Qxc8 Rxc8 27.
Rxc8+ Kxg7 28. Rc1 Be6 29. Kd2 Bf5 30. Rgg1 Qd5+ 31. Ke1 Qb3 32. e4 Qxb2 33.
Rd1 Bxe4 34. Rg3 b5 35. Re3 Bf5 36. Rd5 b4 37. axb4 Qxb4+ 38. Kf1 a5 39. Rb5
Qd2 40. Rbb3 a4 41. Rbc3 Be6 42. Rcd3 Qb2 43. Rc3 Bb3 44. Kg2 Qd2 45. Rcd3 Qb4
46. Rc3 h5 47. h3 Kh6 48. Bf3 Kg5 49. Rcd3 Bc4 50. Rc3 f5 51. Rc1 Bb3 52. Rc7
Qa5 53. Rcc3 Bf7 54. Ra3 f4 55. Red3 Bc4 56. Rd4 Qc5 57. Rxc4 Qxc4 58. Bd1 Qc1
0-1

[Event "Olympiad"]
[Site "0:35.04-0:25.01"]
[Date "2012.09.03"]
[Round "6"]
[White "Tikkanen, Hans"]
[Black "Arakhamia-Grant, Ketevan"]
[Result "1-0"]
[WhiteElo "2570"]
[BlackElo "2421"]
[PlyCount "81"]
[EventDate "2012.??.??"]
[WhiteTeam "Sweden"]
[BlackTeam "Scotland"]
[WhiteTeamCountry "SWE"]
[BlackTeamCountry "SCO"]

1. d4 Nf6 2. c4 g6 3. Nc3 Bg7 4. e4 d6 5. h3 O-O 6. Be3 e5 7. d5 a5 8. Nf3 Na6
9. Be2 Nd7 10. g4 Ndc5 11. Rg1 c6 12. h4 a4 13. h5 Qa5 14. Qd2 Nb4 15. Kf1 a3
16. bxa3 Qxa3 17. Bh6 cxd5 18. cxd5 Bd7 19. Rh1 Bf6 20. Bxf8 Rxf8 21. Rb1 Nba6
22. Ne1 Qa5 23. Qe3 Qd8 24. Qh3 Qe7 25. Nf3 Rc8 26. hxg6 fxg6 27. Bb5 Rf8 28.
Bxd7 Qxd7 29. g5 Qxh3+ 30. Rxh3 Bd8 31. Ke2 Rf4 32. Rh4 Rxh4 33. Nxh4 Bxg5 34.
Ng2 Bd8 35. f3 Kf7 36. Nb5 Be7 37. Ne3 Ke8 38. Rh1 Nb4 39. a3 Nbd3 40. Rxh7
Nf4+ 41. Kf1 1-0

[Event "Olympiad"]
[Site "1:25.51-1:17.43"]
[Date "2012.09.03"]
[Round "6"]
[White "Shaw, John"]
[Black "Berg, Emanuel"]
[Result "1/2-1/2"]
[WhiteElo "2424"]
[BlackElo "2576"]
[PlyCount "51"]
[EventDate "2012.??.??"]
[WhiteTeam "Scotland"]
[BlackTeam "Sweden"]
[WhiteTeamCountry "SCO"]
[BlackTeamCountry "SWE"]

1. e4 e6 2. d4 d5 3. Nd2 Nf6 4. e5 Nfd7 5. c3 c5 6. Bd3 Nc6 7. Ne2 cxd4 8. cxd4
f6 9. exf6 Nxf6 10. Nf3 Bd6 11. O-O Qc7 12. Bd2 O-O 13. Rc1 Bd7 14. Ng3 Rae8
15. Re1 Qb6 16. Bc3 e5 17. dxe5 Ng4 18. exd6 Nxf2 19. Bxh7+ Kh8 20. Qc2 Nh3+
21. Kh1 Nf2+ 22. Kg1 Nh3+ 23. Kh1 Nf2+ 24. Kg1 Nh3+ 25. Kh1 Nf2+ 26. Kg1
1/2-1/2

[Event "Olympiad"]
[Site "0:21.44-0:27.50"]
[Date "2012.09.03"]
[Round "6"]
[White "Smith, Axel"]
[Black "Tate, Alan"]
[Result "1-0"]
[WhiteElo "2503"]
[BlackElo "2332"]
[PlyCount "83"]
[EventDate "2012.??.??"]
[WhiteTeam "Sweden"]
[BlackTeam "Scotland"]
[WhiteTeamCountry "SWE"]
[BlackTeamCountry "SCO"]

1. d4 Nf6 2. c4 g6 3. g3 Bg7 4. Bg2 O-O 5. Nc3 d6 6. Nf3 Nbd7 7. O-O e5 8. e4
c6 9. h3 Re8 10. Be3 a6 11. Qc2 b5 12. cxb5 cxb5 13. dxe5 dxe5 14. a4 b4 15.
Nd5 Bb7 16. Rfd1 Rc8 17. Qb3 a5 18. Ng5 Nxd5 19. exd5 Ba6 20. Rac1 Nf6 21. d6
Rf8 22. Rxc8 Bxc8 23. Qc4 h6 24. Ne4 Nxe4 25. Qxe4 Bd7 26. Qd5 Kh7 27. Qc5 f5
28. Qc7 Qe8 29. Bc5 e4 30. Qxa5 b3 31. Qd2 Qa8 32. a5 Rc8 33. Bd4 Rc2 34. Qe3
Qd5 35. Kh2 g5 36. a6 Bc6 37. a7 Rc4 38. Bxg7 Qxd1 39. Bc3 Qxd6 40. Qb6 Qd7 41.
Qxb3 Bd5 42. Qxc4 1-0

[Event "Olympiad"]
[Site "0:29.25-0:27.24"]
[Date "2012.09.04"]
[Round "7"]
[White "Bravo, William"]
[Black "Arakhamia-Grant, Ketevan"]
[Result "1-0"]
[WhiteElo "2291"]
[BlackElo "2421"]
[PlyCount "91"]
[EventDate "2012.??.??"]
[WhiteTeam "Nicaragua"]
[BlackTeam "Scotland"]
[WhiteTeamCountry "NCA"]
[BlackTeamCountry "SCO"]

1. d4 Nf6 2. c4 g6 3. Nc3 Bg7 4. e4 d6 5. Nf3 O-O 6. Be2 e5 7. d5 a5 8. Bg5 h6
9. Bh4 Qe8 10. Nd2 Na6 11. b3 Bd7 12. a3 Nh7 13. O-O f5 14. f3 Nf6 15. Bf2 h5
16. Qb1 Bh6 17. Rd1 Nc5 18. Ra2 Qf7 19. b4 axb4 20. axb4 Na4 21. Nxa4 Rxa4 22.
Bd3 Rfa8 23. Rb2 Bxd2 24. Rbxd2 f4 25. c5 g5 26. b5 dxc5 27. Bxc5 b6 28. Bb4
Ne8 29. Qb2 Qf6 30. d6 cxd6 31. Bc2 R4a7 32. Bxd6 Nxd6 33. Rxd6 Qe7 34. Qb3+
Kh7 35. Qd5 Be8 36. Bb3 Qg7 37. Qe6 g4 38. fxg4 hxg4 39. Qf5+ Kh8 40. Bd5 g3
41. Qh3+ Qh7 42. Rh6 gxh2+ 43. Qxh2 Rd8 44. Qh4 Rd6 45. Rxh7+ Rxh7 46. Qg5 1-0

[Event "Olympiad"]
[Site "0:11.07-0:10.36"]
[Date "2012.09.04"]
[Round "7"]
[White "Shaw, John"]
[Black "Fonseca Cabrera, Ernesto"]
[Result "1-0"]
[WhiteElo "2424"]
[BlackElo "2211"]
[PlyCount "49"]
[EventDate "2012.??.??"]
[WhiteTeam "Scotland"]
[BlackTeam "Nicaragua"]
[WhiteTeamCountry "SCO"]
[BlackTeamCountry "NCA"]

1. e4 e6 2. d4 d5 3. Nd2 dxe4 4. Nxe4 Nd7 5. Nf3 Ngf6 6. Nxf6+ Nxf6 7. Be2 c5
8. O-O Qc7 9. Ne5 Bd6 10. Bb5+ Nd7 11. Qh5 Bxe5 12. dxe5 a6 13. Bxd7+ Bxd7 14.
Re1 Bc6 15. Bg5 Bd5 16. Re3 Qc6 17. Rae1 c4 18. b3 cxb3 19. cxb3 Qc2 20. Rg3
Be4 21. Qh4 Bg6 22. Qb4 Qc7 23. Rc3 Qd7 24. Rec1 a5 25. Rc8+ 1-0

[Event "Olympiad"]
[Site "0:13.44-0:13.35"]
[Date "2012.09.05"]
[Round "8"]
[White "Pelletier, Yannick"]
[Black "Mcnab, Colin"]
[Result "0-1"]
[WhiteElo "2595"]
[BlackElo "2446"]
[PlyCount "94"]
[EventDate "2012.??.??"]
[WhiteTeam "Switzerland"]
[BlackTeam "Scotland"]
[WhiteTeamCountry "SUI"]
[BlackTeamCountry "SCO"]

1. d4 d6 2. Nf3 g6 3. c4 Bg7 4. Nc3 Nd7 5. e4 e5 6. Be2 Ngf6 7. O-O O-O 8. Be3
Qe7 9. Qc2 c6 10. Rad1 b6 11. d5 c5 12. Bg5 h6 13. Bc1 Nh7 14. g3 Ndf6 15. Kh1
h5 16. Nh4 Bh3 17. Rg1 Bd7 18. Bd3 Kh8 19. Rde1 Ng8 20. b3 Bf6 21. Ng2 Bg4 22.
f4 Rae8 23. Rgf1 Bg7 24. Bb2 Bh3 25. Rf2 Nh6 26. Nd1 Kg8 27. Nde3 Ng4 28. Rfe2
Nxe3 29. Rxe3 Bd7 30. f5 Nf6 31. h3 Kh7 32. Bc3 Bh6 33. R3e2 Rg8 34. Kh2 g5 35.
Rf2 g4 36. h4 a6 37. b4 Rb8 38. Qb3 b5 39. Qa3 a5 40. bxc5 b4 41. Qxa5 dxc5 42.
Bxe5 Qxe5 43. Qxc5 Rgc8 44. Qa7 Ra8 45. Qb6 Rcb8 46. Qc5 Ra3 47. Rd1 Qxg3+ 0-1

[Event "Olympiad"]
[Site "0:00.57-0:04.29"]
[Date "2012.09.05"]
[Round "8"]
[White "Arakhamia-Grant, Ketevan"]
[Black "Gallagher, Joseph G"]
[Result "0-1"]
[WhiteElo "2421"]
[BlackElo "2513"]
[PlyCount "123"]
[EventDate "2012.??.??"]
[WhiteTeam "Scotland"]
[BlackTeam "Switzerland"]
[WhiteTeamCountry "SCO"]
[BlackTeamCountry "SUI"]

1. e4 c5 2. Nf3 d6 3. d4 cxd4 4. Nxd4 Nf6 5. Nc3 a6 6. Bc4 e6 7. Bb3 Nbd7 8.
Bg5 Qa5 9. Qd2 h6 10. Be3 Nc5 11. O-O-O e5 12. Nde2 Nxb3+ 13. cxb3 Be6 14. Kb1
Be7 15. f3 b5 16. g4 b4 17. Nd5 Nxd5 18. exd5 Bd7 19. Ng3 Qb5 20. Rc1 a5 21.
Rc4 h5 22. gxh5 Rb8 23. Rhc1 a4 24. bxa4 Qxa4 25. b3 Qb5 26. Qd3 O-O 27. Nf5
Bxf5 28. Qxf5 Qxd5 29. Rg1 Qe6 30. Rcg4 Bf6 31. Qxe6 fxe6 32. h6 g6 33. Rc1 Rb7
34. Rc6 Rd7 35. Rxg6+ Kh7 36. Rg4 Bh8 37. Rg3 Rf5 38. h4 Bf6 39. Bg5 Bd8 40.
Rc4 Ba5 41. Bd2 Bd8 42. Rcg4 Bf6 43. Rxb4 d5 44. Kc2 Rf7 45. Rbg4 Bh8 46. a4
Rxf3 47. Rxf3 Rxf3 48. a5 e4 49. Rf4 Bd4 50. a6 e5 51. Rg4 e3 52. Bb4 Rf2+ 53.
Kd3 Kxh6 54. Rg8 Bb6 55. Bf8+ Kh7 56. Rg7+ Kh8 57. Rb7 e4+ 58. Kc3 d4+ 59. Kc4
Rxf8 60. a7 Bxa7 61. Rxa7 e2 62. Kd5 0-1

[Event "Olympiad"]
[Site "0:11.26-0:21.32"]
[Date "2012.09.05"]
[Round "8"]
[White "Morrison, Graham"]
[Black "Forster, Richard"]
[Result "0-1"]
[WhiteElo "2360"]
[BlackElo "2459"]
[PlyCount "88"]
[EventDate "2012.??.??"]
[WhiteTeam "Scotland"]
[BlackTeam "Switzerland"]
[WhiteTeamCountry "SCO"]
[BlackTeamCountry "SUI"]

1. d4 Nf6 2. c4 g6 3. Nc3 Bg7 4. e4 d6 5. Nf3 O-O 6. Be2 e5 7. Be3 Ng4 8. Bg5
f6 9. Bh4 Qe8 10. dxe5 Nxe5 11. Nd4 Qf7 12. Rc1 Nbc6 13. Nxc6 bxc6 14. b3 Bh6
15. Ra1 f5 16. exf5 gxf5 17. f4 Ng6 18. Bg3 Nxf4 19. O-O Nxe2+ 20. Nxe2 c5 21.
Bf4 Bg7 22. Rf3 Bb7 23. Rg3 Kh8 24. Rc1 Rae8 25. Qd2 Re4 26. Rf1 Rfe8 27. Nc3
Bd4+ 28. Kh1 R4e6 29. Qd3 Rg6 30. Nb5 Be4 31. Qd2 Be5 32. Bxe5+ dxe5 33. Rxg6
hxg6 34. Qe3 Qe7 35. Qh6+ Qh7 36. Qxh7+ Kxh7 37. Rd1 c6 38. Rd7+ Kh6 39. Nd6
Rf8 40. Re7 Kg5 41. Rxe5 Kf6 42. Rxc5 Ke6 43. Nb7 Rb8 44. Na5 Kd6 0-1

[Event "Olympiad"]
[Site "0:23.47-0:10.34"]
[Date "2012.09.06"]
[Round "9"]
[White "Mcnab, Colin"]
[Black "Arias Santana, Mauricio"]
[Result "1-0"]
[WhiteElo "2446"]
[BlackElo "2326"]
[PlyCount "103"]
[EventDate "2012.??.??"]
[WhiteTeam "Scotland"]
[BlackTeam "Costa Rica"]
[WhiteTeamCountry "SCO"]
[BlackTeamCountry "CRI"]

1. c4 c5 2. Nf3 Nc6 3. g3 e5 4. Nc3 g6 5. Bg2 Bg7 6. d3 Nge7 7. Bg5 f6 8. Bd2
d6 9. a3 a5 10. O-O O-O 11. Ne1 Be6 12. Nd5 Rb8 13. b4 axb4 14. axb4 cxb4 15.
Nxb4 Nxb4 16. Bxb4 b5 17. cxb5 Rxb5 18. Qa4 Rb8 19. Qa3 Nc8 20. Nc2 Rf7 21. Ne3
d5 22. Rfc1 Rfb7 23. Bc5 Qd7 24. Qa6 Bf7 25. h4 f5 26. Kh2 e4 27. dxe4 Bxa1 28.
Qxa1 dxe4 29. Rd1 Qe8 30. h5 Na7 31. h6 Bb3 32. Rb1 Qf7 33. Bxe4 fxe4 34. Ng4
Qf5 35. Rxb3 Qxc5 36. Nf6+ Kf7 37. Rxb7+ Rxb7 38. Nxe4 Qh5+ 39. Kg1 Qd5 40.
Qg7+ Ke6 41. Qxb7 Qxb7 42. Nc5+ Kf5 43. Nxb7 Kg5 44. Nc5 Kxh6 45. Ne6 Nc6 46.
Kg2 g5 47. f4 g4 48. f5 Kh5 49. e4 Ne5 50. Kf2 Nf7 51. Ke3 Ne5 52. Nf8 1-0